000
00275nam a22001097a 4500
005
20251013102321.0
008
251013b |||||||| |||| 00| 0 eng d
040
_c
PK-LaNCA
082
_a
728.73
_b
LOG
245
_a
The log home: classic log cabins of North America
942
_c
BK
999
_c
66983
_d
66983